White Teeth, (Record no. 6547)

MARC details
005 - DATE AND TIME OF LATEST TRANSACTION
control field 20250702074352.0
020 ## - INTERNATIONAL STANDARD BOOK NUMBER
International Standard Book Number 978-0-241-98139-9
082 ## - DEWEY DECIMAL CLASSIFICATION NUMBER
Classification number SMI
100 ## - MAIN ENTRY--PERSONAL NAME
Author name SMITH, D
245 ## - TITLE STATEMENT
Title White Teeth,
260 ## - PUBLICATION, DISTRIBUTION, ETC.
Name of publisher, distributor, etc. PENGUIN CLASICS,
Date of publication, distribution, etc. 2000.
300 ## - PHYSICAL DESCRIPTION
Extent 541p,:
Dimensions 18.1cm
942 ## - ADDED ENTRY ELEMENTS (KOHA)
Source of classification or shelving scheme Dewey Decimal Classification
Koha item type Books
Holdings
Date last seen Total checkouts Full call number Barcode Cost, replacement price Price effective from Koha item type Lost status Source of classification or shelving scheme Damaged status Not for loan Withdrawn status Home library Current library Shelving location Date acquired Cost, normal purchase price
07/02/2025   SMI DOM0003026 90000.00 07/02/2025 Books   Dewey Decimal Classification       CBE Dodoma CBE Dodoma General Collection 07/02/2001 30000.00